000 00367nam a22001577a 4500
003 OSt
008 250418b |||||||| |||| 00| 0 eng d
020 _a9789355518071
082 _a530.8 JAG
100 _aJAISWAL,Sumit
245 _aGit Repository Management in 30 Days
250 _a1st Ed
260 _aNew Delhi
_bBPB
_c2023
300 _a269
942 _2ddc
_cBK
999 _c13324
_d13324